[Event "CN Equipas 2019 - 1. div"]
[Site "Évora POR"]
[Date "2019.07.22"]
[Round "9.1.1"]
[White "Galego, Luís"]
[Black "Suarez Gomez, Julio"]
[Result "1/2-1/2"]
[WhiteElo "2513"]
[BlackElo "2429"]
[WhiteFideId "1900072"]
[BlackFideId "22275991"]
[WhiteTeam "Assembleia Figueirense"]
[BlackTeam "O Amanhã da Criança"]
[WhiteTitle "GM"]
[BlackTitle "IM"]
[PlyCount "40"]

1. e4 c5 2. Nf3 e6 3. Nc3 Nc6 4. g3 a6 5. Bg2 d6 6. O-O Bd7 7. d3 Be7 8. Ne1 Nf6
9. f4 Qc7 10. Be3 Nd4 11. h3 Bc6 12. a3 b5 13. Rc1 O-O 14. Nb1 Bb7 15. c3 Nc6
16. Nd2 Nd7 17. Nef3 d5 18. exd5 exd5 19. d4 cxd4 20. Nxd4 Nb6 1/2-1/2

[Event "CN Equipas 2019 - 1. div"]
[Site "Évora POR"]
[Date "2019.07.22"]
[Round "9.1.3"]
[White "Oratovsky, Michael"]
[Black "Pazos Porta, Antonio"]
[Result "1/2-1/2"]
[WhiteElo "2445"]
[BlackElo "2340"]
[WhiteFideId "2802090"]
[BlackFideId "2263190"]
[WhiteTeam "Assembleia Figueirense"]
[BlackTeam "O Amanhã da Criança"]
[WhiteTitle "GM"]
[BlackTitle "FM"]
[PlyCount "79"]

1. e4 e6 2. d4 d5 3. Nd2 c5 4. Ngf3 Nc6 5. Bb5 a6 6. Bxc6+ bxc6 7. O-O Nf6 8. e5
Ne4 9. Nxe4 dxe4 10. Ng5 cxd4 11. Qh5 Ra7 12. Nxe4 c5 13. Bg5 Qb6 14. Qg4 Bb7
15. c3 h6 16. Bh4 Bxe4 17. Qxe4 Be7 18. Bxe7 Kxe7 19. cxd4 cxd4 20. Rad1 Rd7 21.
b3 Qc5 22. Rfe1 Qd5 23. Qg4 g5 24. Rd3 Rc8 25. h4 Rc3 26. Rxc3 dxc3 27. Qb4+ Ke8
28. Qxc3 Qd2 29. Qxd2 Rxd2 30. hxg5 hxg5 31. a3 Kd7 32. Re3 Kc6 33. Rf3 Rb2 34.
Kh2 Kd5 35. b4 Ra2 36. Rxf7 Rxa3 37. Rg7 Rb3 38. Ra7 Rxb4 39. Rxa6 Kxe5 40. Kg3
1/2-1/2

[Event "CN Equipas 2019 - 1. div"]
[Site "Évora POR"]
[Date "2019.07.22"]
[Round "9.1.4"]
[White "Espineira, Diego"]
[Black "Vasallo, Mauricio"]
[Result "1/2-1/2"]
[WhiteElo "2361"]
[BlackElo "2380"]
[WhiteFideId "2229498"]
[BlackFideId "101648"]
[WhiteTeam "O Amanhã da Criança"]
[BlackTeam "Assembleia Figueirense"]
[WhiteTitle "IM"]
[BlackTitle "IM"]
[PlyCount "57"]

1. e4 e5 2. Nf3 d6 3. Bc4 Be7 4. d4 exd4 5. Nxd4 Nf6 6. Nc3 O-O 7. O-O Nc6 8.
Re1 a6 9. a4 Nb4 10. Bf4 c5 11. Nb3 Be6 12. Bxe6 fxe6 13. Qe2 Qe8 14. e5 Nh5 15.
Be3 Qg6 16. exd6 Bxd6 17. Rad1 Rad8 18. Rxd6 Rxd6 19. Bxc5 Nf4 20. Qe4 Rf5 21.
g3 Nh3+ 22. Kg2 Nxc2 23. Rc1 Rd3 24. Qxb7 Nf4+ 25. Kf1 Qg4 26. gxf4 Rfd5 27.
Nxd5 Qh3+ 28. Kg1 Qg4+ 29. Kf1 1/2-1/2

[Event "CN Equipas 2019 - 1. div"]
[Site "Évora POR"]
[Date "2019.07.22"]
[Round "9.2.1"]
[White "Kadric, Denis"]
[Black "Ferreira, Jorge"]
[Result "1-0"]
[WhiteElo "2562"]
[BlackElo "2524"]
[WhiteFideId "14403803"]
[BlackFideId "1910850"]
[WhiteTeam "Ax Gaia 'A'"]
[BlackTeam "Gd Dias Ferreira 'A'"]
[WhiteTitle "GM"]
[BlackTitle "GM"]
[PlyCount "83"]

1. e4 e5 2. Bc4 Nf6 3. d3 c6 4. Nf3 d5 5. Bb3 Bb4+ 6. Bd2 Bxd2+ 7. Qxd2 O-O 8.
exd5 cxd5 9. Nxe5 a5 10. a4 Nc6 11. f4 Re8 12. O-O Nxe5 13. fxe5 Rxe5 14. Nc3
Be6 15. d4 Rh5 16. Rae1 Qb6 17. Ne2 Rd8 18. Nf4 Rh6 19. Qd3 Qd6 20. h3 g5 21.
Nxe6 fxe6 22. Qe3 Ne4 23. c4 Ng3 24. Bc2 Rh5 25. Rf6 dxc4 26. d5 Rf8 27. Rxf8+
Kxf8 28. dxe6 Ke8 29. Qf2 Qf4 30. Re3 Nh1 31. Qf3 Qxf3 32. Rxf3 g4 33. Re3 g3
34. Kxh1 Rg5 35. Bxh7 Ke7 36. Bc2 b5 37. axb5 Rxb5 38. Rxg3 Rxb2 39. Bf5 Kf6 40.
Rf3 Rb3 41. Bd3+ Ke7 42. Bxc4 1-0

[Event "CN Equipas 2019 - 1. div"]
[Site "Évora POR"]
[Date "2019.07.22"]
[Round "9.2.2"]
[White "Kantor, Gergely"]
[Black "Yankelevich, Lev"]
[Result "1-0"]
[WhiteElo "2519"]
[BlackElo "2481"]
[WhiteFideId "751499"]
[BlackFideId "24684074"]
[WhiteTeam "Gd Dias Ferreira 'A'"]
[BlackTeam "Ax Gaia 'A'"]
[WhiteTitle "IM"]
[BlackTitle "IM"]
[PlyCount "120"]

1. d4 Nf6 2. c4 g6 3. Nc3 Bg7 4. e4 d6 5. h3 Nbd7 6. Be3 e5 7. Nf3 exd4 8. Nxd4
Nc5 9. Qc2 Qe7 10. f3 Nh5 11. O-O-O Ng3 12. Nd5 Qd8 13. Nb5 Ne6 14. Ndxc7+ Nxc7
15. Nxd6+ Kf8 16. Nf5 Bxf5 17. Rxd8+ Rxd8 18. exf5 Nxh1 19. Bg5 Rd6 20. Qe4 Rd1+
21. Kc2 f6 22. Bf4 gxf5 23. Qxb7 Rxf1 24. Qxc7 Rf2+ 25. Kb3 h5 26. Qd7 Bh6 27.
Bd6+ Kg8 28. Be7 Bg7 29. c5 Kf7 30. Bd8+ Kg6 31. c6 Bh6 32. c7 Bc1 33. c8=Q
Rxb2+ 34. Kc3 Ng3 35. Qd3 Rxa2 36. Qd6 Ne2+ 37. Kb3 Rb2+ 38. Ka4 Ra2+ 39. Kb5
Rb2+ 40. Ka5 Ra2+ 41. Kb5 Rb2+ 42. Ka6 Rb6+ 43. Bxb6 Rxc8 44. Bd8 Bg5 45. Qd7
Rxd8 46. Qxd8 Ng3 47. Qg8+ Kh6 48. Qh8+ Kg6 49. Qg8+ Kh6 50. Kxa7 h4 51. Kb7 Nh5
52. Kc8 Nf4 53. Kd7 Ng6 54. Ke6 f4 55. Qe8 Kg7 56. Qf7+ Kh6 57. Qg8 f5 58. Qe8
Ne7 59. Kf7 Ng6 60. Qe6 Bf6 1-0

[Event "CN Equipas 2019 - 1. div"]
[Site "Évora POR"]
[Date "2019.07.22"]
[Round "9.2.3"]
[White "Ftacnik, Lubomir"]
[Black "Martinez, Lelys"]
[Result "1-0"]
[WhiteElo "2513"]
[BlackElo "2535"]
[WhiteFideId "14900017"]
[BlackFideId "3504727"]
[WhiteTeam "Ax Gaia 'A'"]
[BlackTeam "Gd Dias Ferreira 'A'"]
[WhiteTitle "GM"]
[BlackTitle "GM"]
[PlyCount "131"]

1. d4 Nf6 2. Nf3 g6 3. c4 Bg7 4. Nc3 O-O 5. e4 d6 6. Be2 e5 7. O-O Na6 8. Re1
Qe8 9. Bf1 Bg4 10. d5 Nb4 11. Be2 a5 12. Be3 b6 13. b3 Na6 14. Rb1 Nh5 15. h3
Bd7 16. a3 Nc5 17. b4 axb4 18. axb4 Na4 19. Nxa4 Rxa4 20. Qc1 f5 21. Bd1 Ra8 22.
c5 fxe4 23. Ng5 Nf4 24. Bxf4 exf4 25. Rxe4 Be5 26. Bg4 Bf5 27. cxd6 h6 28. d7
Qxd7 29. Rxe5 hxg5 30. Qc3 Rae8 31. Bxf5 gxf5 32. Rxe8 Rxe8 33. Qf6 Qg7 34. Qxf5
Re7 35. Rc1 Qe5 36. Qxe5 Rxe5 37. Rxc7 Rxd5 38. Rc6 Rb5 39. Kf1 Kf7 40. Rc4 Ke6
41. Ke2 Kf5 42. Kd3 Re5 43. Rd4 Re6 44. g4+ fxg3 45. fxg3 Rc6 46. Rd5+ Kf6 47.
Kd4 Re6 48. Kc4 Re4+ 49. Rd4 b5+ 50. Kc5 Re3 51. g4 Rxh3 52. Kxb5 Ke5 53. Kc5
Rh8 54. Rc4 Rc8+ 55. Kb5 Rb8+ 56. Ka6 Ra8+ 57. Kb7 Rf8 58. b5 Rf4 59. Rc5+ Kf6
60. b6 Rxg4 61. Kc7 Kg6 62. b7 Rb4 63. Rc6+ Kf5 64. Rb6 Rc4+ 65. Kd7 Rd4+ 66.
Ke7 1-0

[Event "CN Equipas 2019 - 1. div"]
[Site "Évora POR"]
[Date "2019.07.22"]
[Round "9.2.4"]
[White "Antal, Tibor Kende"]
[Black "Sousa, André V"]
[Result "1/2-1/2"]
[WhiteElo "2417"]
[BlackElo "2362"]
[WhiteFideId "738581"]
[BlackFideId "1917617"]
[WhiteTeam "Gd Dias Ferreira 'A'"]
[BlackTeam "Ax Gaia 'A'"]
[WhiteTitle "FM"]
[BlackTitle "IM"]
[PlyCount "54"]

1. Nf3 Nf6 2. g3 d5 3. Bg2 e6 4. O-O Be7 5. c4 O-O 6. d4 dxc4 7. Qa4 a6 8. Qxc4
b5 9. Qc2 Bb7 10. Bd2 Be4 11. Qc1 c6 12. Nc3 Bxf3 13. Bxf3 Qxd4 14. Rd1 Qb6 15.
a4 Nbd7 16. Be3 Bc5 17. axb5 axb5 18. Rxa8 Rxa8 19. Bxc5 Nxc5 20. Rd6 Rc8 21.
Qe3 b4 22. Ne4 Nfxe4 23. Bxe4 Na4 24. Qc1 Nc5 25. Qe3 Na4 26. Qc1 Nc5 27. Qe3
Na4 1/2-1/2

[Event "CN Equipas 2019 - 1. div"]
[Site "Évora POR"]
[Date "2019.07.22"]
[Round "9.3.1"]
[White "Butkiewicz, Lukasz"]
[Black "Oparin, Grigoriy"]
[Result "1/2-1/2"]
[WhiteElo "2425"]
[BlackElo "2660"]
[WhiteFideId "1122428"]
[BlackFideId "24125890"]
[WhiteTeam "Aa Coimbra 'A'"]
[BlackTeam "A.XAT-Montemor-o-Novo"]
[WhiteTitle "IM"]
[BlackTitle "GM"]
[PlyCount "36"]

1. e4 c6 2. d4 d5 3. e5 c5 4. dxc5 e6 5. a3 Bxc5 6. b4 Bb6 7. Nf3 Ne7 8. Bd3 Ng6
9. O-O Nc6 10. Bb2 Nf4 11. c4 Bc7 12. Re1 Nxd3 13. Qxd3 dxc4 14. Qxc4 O-O 15.
Nc3 Ne7 16. Rad1 Bd7 17. Qg4 Kh8 18. Ne4 Qe8 1/2-1/2

[Event "CN Equipas 2019 - 1. div"]
[Site "Évora POR"]
[Date "2019.07.22"]
[Round "9.3.2"]
[White "Perez Candelario, Manuel"]
[Black "Hammes, Michael"]
[Result "1-0"]
[WhiteElo "2628"]
[BlackElo "2340"]
[WhiteFideId "2210622"]
[BlackFideId "4619358"]
[WhiteTeam "A.XAT-Montemor-o-Novo"]
[BlackTeam "Aa Coimbra 'A'"]
[WhiteTitle "GM"]
[BlackTitle "IM"]
[PlyCount "89"]

1. e4 e6 2. d4 d5 3. Nc3 Nf6 4. Bg5 Bb4 5. e5 h6 6. Bc1 Ne4 7. Qg4 g6 8. Nge2 c5
9. a3 Ba5 10. b4 Nxc3 11. Nxc3 cxd4 12. Nb5 Bc7 13. f4 Nc6 14. Bd3 a6 15. Nxc7+
Qxc7 16. O-O h5 17. Qh4 Qd8 18. Qf2 Bd7 19. Bd2 Na7 20. a4 b5 21. Qxd4 bxa4 22.
Qf2 Bb5 23. Be3 Nc6 24. Bc5 Ne7 25. Rfd1 Qc7 26. c3 Nf5 27. Qe2 Qb7 28. Qf3
O-O-O 29. Bc2 Qc6 30. Ra2 Kd7 31. Rda1 Ra8 32. Rxa4 Rhc8 33. Ra5 Qb7 34. Bd3
Bxd3 35. Qxd3 Rc6 36. c4 Ne7 37. Bxe7 Kxe7 38. cxd5 exd5 39. Rxd5 Rac8 40. Rd1
Qxb4 41. f5 Qb6+ 42. Kh1 Rc1 43. Qa3+ Qc5 44. f6+ Ke8 45. Qa4+ 1-0

[Event "CN Equipas 2019 - 1. div"]
[Site "Évora POR"]
[Date "2019.07.22"]
[Round "9.3.3"]
[White "Luch, Michal"]
[Black "Forcén Estebán, Daniel"]
[Result "1-0"]
[WhiteElo "2380"]
[BlackElo "2566"]
[WhiteFideId "1120042"]
[BlackFideId "2288230"]
[WhiteTeam "Aa Coimbra 'A'"]
[BlackTeam "A.XAT-Montemor-o-Novo"]
[WhiteTitle "IM"]
[BlackTitle "GM"]
[PlyCount "111"]

1. d4 f5 2. c4 Nf6 3. Nc3 d6 4. Nf3 g6 5. g3 Bg7 6. Bg2 O-O 7. O-O c6 8. d5 e5
9. dxe6 Bxe6 10. Qd3 Ng4 11. b3 Na6 12. Bf4 Ne5 13. Qd2 Nf7 14. Rad1 Qf6 15. Na4
h6 16. Be3 c5 17. Qc1 Nb4 18. Qb1 Qe7 19. Bd2 Ne5 20. Nd4 Bf7 21. Bxb4 cxb4 22.
Nc2 Nc6 23. Bxc6 bxc6 24. Nxb4 Rac8 25. Qc2 f4 26. Qd2 fxg3 27. hxg3 Rfe8 28.
Rfe1 g5 29. Nc2 Be5 30. Nd4 d5 31. cxd5 cxd5 32. Qd3 Rf8 33. Qa6 Bxd4 34. Rxd4
Be6 35. Rd3 Rf6 36. Rf3 Bf5 37. Qa5 Qe5 38. Qxa7 d4 39. Nb6 Rcf8 40. Nc4 Qe4 41.
Nd2 Qe5 42. Nc4 Qe4 43. Nd2 Qe5 44. Nc4 Qe4 45. Qc5 d3 46. Qe5 d2 47. Rd1 Qc2
48. Qd5+ Kh7 49. Qxd2 Qe4 50. Nd6 Rxd6 51. Qxd6 Qxe2 52. Re3 Qh5 53. Qxf8 Qxd1+
54. Kg2 Qd5+ 55. Kh2 Kg6 56. Re7 1-0

[Event "CN Equipas 2019 - 1. div"]
[Site "Évora POR"]
[Date "2019.07.22"]
[Round "9.3.4"]
[White "Dias, Paulo"]
[Black "Diogo, Vasco"]
[Result "1-0"]
[WhiteElo "2309"]
[BlackElo "2204"]
[WhiteFideId "1900803"]
[BlackFideId "1902628"]
[WhiteTeam "A.XAT-Montemor-o-Novo"]
[BlackTeam "Aa Coimbra 'A'"]
[WhiteTitle "IM"]
[BlackTitle "FM"]
[PlyCount "133"]

1. d4 Nf6 2. c4 g6 3. Nf3 Bg7 4. g3 O-O 5. Bg2 d6 6. Nc3 Nbd7 7. O-O e5 8. h3
Re8 9. e4 c6 10. Re1 Qb6 11. dxe5 Nxe5 12. Nxe5 dxe5 13. Qc2 Be6 14. Be3 Qc7 15.
Bf1 Rad8 16. Rad1 b6 17. Kh2 h5 18. Qa4 Bf8 19. Rxd8 Rxd8 20. Rd1 Rc8 21. Rd2
Be7 22. a3 h4 23. g4 Nh7 24. Qd1 Bg5 25. Qe1 Qe7 26. c5 bxc5 27. Na4 Qf6 28.
Nxc5 Bf4+ 29. Bxf4 Qxf4+ 30. Kg2 Ng5 31. Qe3 Bxg4 32. Qxf4 Bxh3+ 33. Kh2 exf4
34. Bxh3 Rb8 35. Bg4 a5 36. Rc2 Rd8 37. Bd7 Nf3+ 38. Kh3 Kg7 39. Bxc6 Rd1 40. e5
Nxe5 41. Bb7 g5 42. Re2 f6 43. Ne6+ Kg6 44. Be4+ f5 45. Bg2 Kf6 46. Nxg5 Rd3+
47. f3 Nc4 48. Ne6 Rb3 49. Nxf4 Nxb2 50. Kxh4 Nc4 51. Nd5+ Kg6 52. Re6+ Kf7 53.
Rf6+ Kg7 54. Rxf5 Rxa3 55. f4 Ra2 56. Rg5+ Kf7 57. Nc3 Rc2 58. Bd5+ Ke7 59. Bxc4
Rxc3 60. Bg8 a4 61. Ra5 a3 62. Kg4 Kf6 63. Ra6+ Kg7 64. Bd5 Re3 65. Kf5 Rd3 66.
Ra7+ Kf8 67. Kf6 1-0

[Event "CN Equipas 2019 - 1. div"]
[Site "Évora POR"]
[Date "2019.07.22"]
[Round "9.4.2"]
[White "Ibarra Jerez, José Carlos"]
[Black "Alshameary Puente, Ismael"]
[Result "1-0"]
[WhiteElo "2547"]
[BlackElo "2442"]
[WhiteFideId "2226332"]
[BlackFideId "2225166"]
[WhiteTeam "Ax Portugal/Atlantidiagonal 'A'"]
[BlackTeam "Amadora Xadrez 'A'"]
[WhiteTitle "GM"]
[BlackTitle "FM"]
[PlyCount "51"]

1. e4 e5 2. Nf3 Nc6 3. Bb5 a6 4. Bxc6 dxc6 5. Nc3 Bc5 6. d3 Bg4 7. h3 Bh5 8. Be3
Bxe3 9. fxe3 Bxf3 10. Qxf3 Qh4+ 11. Kd2 O-O-O 12. Qf5+ Kb8 13. Qxe5 Qf2+ 14. Ne2
Nf6 15. Raf1 Qxg2 16. Ke1 Rhe8 17. Qf4 Qg6 18. Rhg1 Qh5 19. Rxg7 Rd6 20. Qg5
Qxg5 21. Rxg5 Nd7 22. Rxf7 Ne5 23. Rff5 Ng6 24. Kf2 Re7 25. Nf4 b6 26. e5 1-0

[Event "CN Equipas 2019 - 1. div"]
[Site "Évora POR"]
[Date "2019.07.22"]
[Round "9.4.3"]
[White "Asis Gargatagli, Hipolito"]
[Black "Spraggett, Kevin"]
[Result "1/2-1/2"]
[WhiteElo "2506"]
[BlackElo "2511"]
[WhiteFideId "2260735"]
[BlackFideId "2600013"]
[WhiteTeam "Amadora Xadrez 'A'"]
[BlackTeam "Ax Portugal/Atlantidiagonal 'A'"]
[WhiteTitle "GM"]
[BlackTitle "GM"]
[PlyCount "53"]

1. e4 c6 2. d4 d5 3. Nd2 dxe4 4. Nxe4 Bf5 5. Ng3 Bg6 6. N1e2 Nf6 7. c3 e6 8. Nf4
Bd6 9. h4 Bxf4 10. Bxf4 h6 11. Be2 O-O 12. Nf1 Nd5 13. Bg3 Nd7 14. Nd2 Ne7 15.
h5 Bh7 16. O-O Nf5 17. Bh2 Nh4 18. Re1 a5 19. a4 Nf5 20. Nc4 Nb6 21. Ne5 Nd5 22.
Qb3 Ra7 23. Rad1 Nfe7 24. Rd2 Nf5 25. Rdd1 Nfe7 26. Rd2 Nf5 27. Rdd1 1/2-1/2

[Event "CN Equipas 2019 - 1. div"]
[Site "Évora POR"]
[Date "2019.07.22"]
[Round "9.4.4"]
[White "Fernandes, António"]
[Black "Pires, Emanuel"]
[Result "1-0"]
[WhiteElo "2376"]
[BlackElo "2094"]
[WhiteFideId "1900021"]
[BlackFideId "1914715"]
[WhiteTeam "Ax Portugal/Atlantidiagonal 'A'"]
[BlackTeam "Amadora Xadrez 'A'"]
[WhiteTitle "GM"]
[PlyCount "163"]

1. Nf3 d5 2. g3 Nc6 3. d4 Bf5 4. Bg2 e6 5. O-O Be7 6. c4 Nf6 7. Ne5 O-O 8. Nc3
h6 9. b3 Re8 10. Bb2 Bf8 11. Rc1 Rb8 12. e3 Ne7 13. Qe2 c6 14. f3 Bh7 15. g4 Nd7
16. f4 Nc8 17. Qf2 f6 18. Nxd7 Qxd7 19. c5 b6 20. b4 a5 21. a3 Ne7 22. cxb6 axb4
23. Na4 Nc8 24. Nc5 Qf7 25. b7 Nd6 26. axb4 Nxb7 27. Nxb7 Qxb7 28. Bc3 Bxb4 29.
Bxb4 Qxb4 30. Rxc6 Kh8 31. Qg3 Bd3 32. Rfc1 Qd2 33. Qf2 Qb4 34. h4 e5 35. dxe5
fxe5 36. Bxd5 Rf8 37. g5 Qa5 38. R6c5 Qd8 39. Qg3 exf4 40. exf4 Be4 41. gxh6
gxh6 42. Qc3+ Qf6 43. Qxf6+ Rxf6 44. Rc8+ Rxc8 45. Rxc8+ Kg7 46. Rc7+ Kf8 47.
Bxe4 Rxf4 48. Bd5 Rxh4 49. Kf2 Rd4 50. Bc4 Re4 51. Bd3 Re7 52. Rc6 h5 53. Rc5
Rd7 54. Ke3 Kg7 55. Rxh5 Kf6 56. Be4 Rd1 57. Kf4 Rf1+ 58. Bf3 Rg1 59. Ra5 Re1
60. Rf5+ Ke6 61. Rc5 Kf6 62. Rh5 Rg1 63. Rf5+ Ke6 64. Rc5 Re1 65. Rc6+ Kd7 66.
Ra6 Rf1 67. Ke4 Kc7 68. Rf6 Rf2 69. Ke5 Rf1 70. Rc6+ Kd7 71. Be4 Re1 72. Rb6 Rc1
73. Rh6 Kc7 74. Rh7+ Kb6 75. Rb7+ Ka6 76. Rb2 Re1 77. Kd5 Ka5 78. Bd3 Rd1 79.
Kc5 Rc1+ 80. Bc4 Ra1 81. Rb6 Ka4 82. Ra6# 1-0

[Event "CN Equipas 2019 - 1. div"]
[Site "Évora POR"]
[Date "2019.07.22"]
[Round "9.5.2"]
[White "Veiga, Francisco"]
[Black "Prithu Gupta"]
[Result "1-0"]
[WhiteElo "2357"]
[BlackElo "2470"]
[WhiteFideId "1930087"]
[BlackFideId "46618546"]
[WhiteTeam "Ex Porto 'A'"]
[BlackTeam "Gx Porto 'A'"]
[WhiteTitle "FM"]
[BlackTitle "IM"]
[PlyCount "65"]

1. e4 e5 2. Nf3 Nc6 3. Bb5 g6 4. O-O Bg7 5. c3 a6 6. Ba4 d6 7. h3 Nge7 8. d4 Bd7
9. Re1 O-O 10. d5 Nb8 11. Bxd7 Nxd7 12. c4 h6 13. Nc3 f5 14. Bd2 f4 15. b4 g5
16. Rc1 Ng6 17. g4 fxg3 18. fxg3 Nb6 19. c5 Qd7 20. Kg2 g4 21. Ng1 Nc4 22. Nb1
Nxd2 23. Nxd2 h5 24. cxd6 cxd6 25. Nc4 Rae8 26. hxg4 h4 27. Ne3 Bh6 28. Nf5 Bxc1
29. Qxc1 hxg3 30. Qg5 Qh7 31. Nf3 Rc8 32. Rh1 Rc2+ 33. Kg1 1-0

[Event "CN Equipas 2019 - 1. div"]
[Site "Évora POR"]
[Date "2019.07.22"]
[Round "9.5.3"]
[White "Iruzubieta, Jesus"]
[Black "Silva, Miguel"]
[Result "1-0"]
[WhiteElo "2438"]
[BlackElo "2250"]
[WhiteFideId "2200597"]
[BlackFideId "1911929"]
[WhiteTeam "Gx Porto 'A'"]
[BlackTeam "Ex Porto 'A'"]
[WhiteTitle "FM"]
[BlackTitle "NM"]
[PlyCount "131"]
[EventDate "2019.??.??"]

1. e4 e5 2. Nc3 Nc6 3. Bc4 Nf6 4. d3 Na5 5. Bb3 c6 6. f4 Nxb3 7. axb3 d6 8. fxe5
dxe5 9. Nf3 Qc7 10. O-O Be6 11. Qe1 Nd7 12. Ng5 Qd6 13. Be3 a6 14. Nb1 f6 15.
Nxe6 Qxe6 16. Qg3 g6 17. Nd2 Bg7 18. Rf3 O-O 19. Raf1 Rf7 20. Qh4 Rd8 21. g4 Bf8
22. h3 Be7 23. Qf2 Kh8 24. Kh2 Kg8 25. Nc4 Bb4 26. Kg2 Re8 27. g5 Ref8 28. gxf6
Rxf6 29. Qg3 Rxf3 30. Rxf3 Rxf3 31. Kxf3 b5 32. Nd2 Bd6 33. Ke2 c5 34. Kd1 Be7
35. Qf3 Kg7 36. Qf1 a5 37. Nb1 c4 38. bxc4 bxc4 39. dxc4 Bc5 40. Bd2 Nf6 41. Nc3
Bb4 42. Qd3 Nd7 43. Nd5 Bxd2 44. Kxd2 Nc5 45. Qe3 Qd6 46. Kc1 a4 47. Kb1 h5 48.
Ka2 Ne6 49. Qa7+ Kh6 50. Qxa4 Nc5 51. Qa3 g5 52. Ne3 Qf8 53. Nf5+ Kg6 54. Kb1 g4
55. hxg4 hxg4 56. Qg3 Kg5 57. Qxe5 Nd7 58. Qd4 Nf6 59. Qe3+ Kg6 60. Ng3 Nh5 61.
Nf5 Nf6 62. Qf4 Qb4 63. c3 Qc5 64. Qh6+ Kf7 65. Qg7+ Ke6 66. Nd4+ 1-0

[Event "CN Equipas 2019 - 1. div"]
[Site "Évora POR"]
[Date "2019.07.22"]
[Round "9.5.4"]
[White "Paiva, Henrique"]
[Black "Lombaers, Peter"]
[Result "0-1"]
[WhiteElo "2122"]
[BlackElo "2361"]
[WhiteFideId "1920995"]
[BlackFideId "1032852"]
[WhiteTeam "Ex Porto 'A'"]
[BlackTeam "Gx Porto 'A'"]
[WhiteTitle "NM"]
[BlackTitle "FM"]
[PlyCount "66"]

1. e4 c5 2. Nf3 e6 3. b3 b6 4. Bb2 Bb7 5. Nc3 Nc6 6. d4 cxd4 7. Nxd4 Nf6 8. Nxc6
Bxc6 9. Bd3 Qc7 10. Qe2 Bb4 11. O-O Qe5 12. Nd5 Qxb2 13. Nxb4 Qe5 14. Nxc6 dxc6
15. Rad1 Rd8 16. f4 Qc5+ 17. Kh1 O-O 18. Rde1 Rd4 19. Rf3 Rfd8 20. e5 Nd5 21.
Bxh7+ Kxh7 22. Rh3+ Kg8 23. Qh5 Kf8 24. Qg5 Ne7 25. Rh8+ Ng8 26. Rh7 g6 27. Rh8
Qxc2 28. h3 Qf2 29. Re4 Rd1+ 30. Kh2 R8d3 31. Qh6+ Ke7 32. Qh4+ Qxh4 33. Rxh4
Kf8 0-1